|
|
|
|
| LEADER |
00648cam a2200205 a 4500 |
| 001 |
0000048589 |
| 005 |
20030827090000.0 |
| 040 |
|
|
|a mod
|
| 041 |
|
|
|a eng
|
| 020 |
0 |
0 |
|a 0137427018
|
| 090 |
0 |
0 |
|a 651.7
|b BLU
|e 1998
|
| 100 |
1 |
0 |
|a Blundel
|h Richard
|
| 245 |
1 |
0 |
|a Effective business communication
|b principles and practice for the information age
|c Richard Blundel
|
| 260 |
0 |
0 |
|a Harlow, England
|b Prentice Hall
|c 1998
|
| 300 |
0 |
0 |
|a xi, 267 p.
|b ill.
|c 24 cm
|
| 500 |
0 |
0 |
|a Includes index.
|
| 650 |
0 |
0 |
|a Business report writing
|
| 650 |
0 |
0 |
|a Business communication
|
| 650 |
0 |
0 |
|a Commercial correspondence
|
| 999 |
|
|
|a 0218729
|b IPDA
|d BOOKS
|e Umum
|f IPDA
|j AVAILABLE
|q GOOD CONDITION
|